Hashtag 1 : english starter /

Guardado en:
Autor Principal: Rhiannon, Sarah.
Formato: Libro
Idioma:Undetermined
Publicado: México : Pearson, 2023.
Edición:1a ed.
Materias:
Etiquetas: Agregar Etiqueta
Sin Etiquetas, Sea el primero en etiquetar este registro!
LEADER 00575nam a22001935a 4500
001 CEM.cems024687
008 250617s2023####mx############000#0#und#d
005 20250617112823.0
245 1 0 |a Hashtag 1 :  |b english starter /  |c Sarah Rhiannon. 
250 |a 1a ed. 
260 |a México :  |b Pearson,  |c 2023. 
300 |a 200 p. ;  |c 22 cm. 
500 |a Teacher's book. Whith Digital Resources. 
020 |a 9786073256797 
100 1 |a Rhiannon, Sarah. 
082 0 4 |a 468.64 
653 |a Inglés 
653 |a Manual de Inglés 
859 |a CEMS  |b BIB. CEMS - Agricultura  |h 468.64  |i R345  |p A3879.25  |t Ej.1